| 000 | 01317nam a2200325 i 4500 | ||
|---|---|---|---|
| 003 | EG-GICUC | ||
| 005 | 20260121101156.0 | ||
| 008 | 251108s1973 ua ||||fr|||| 00| 0 ara d | ||
| 040 |
_a EG-GICUC _bara _c EG-GICUC _d EG-GICUC _erda |
||
| 041 | 0 | _aara | |
| 082 | 0 | 4 |
_221 _a345.2055 _bع ب . ت |
| 092 | 0 | 4 | _221 |
| 099 | _aLaw1 07 345.2055 ع ب . ت 1973 | ||
| 100 | 0 |
_aعبدالحميد أبوالحمد _eمؤلف. |
|
| 245 | 1 | 2 |
_aالتنظيم الادارى الإيرانى / _cدكتور عبدالحميد أبوالحمد, دكتور أحمد كمال الدين, دكتور بكر القبانى. |
| 264 | 1 |
_aالقاهرة : _bدار النهضة العربية, _c1973. |
|
| 300 |
_a295 صفحة ؛ _c24 سم |
||
| 336 |
_2rda content _atext |
||
| 337 |
_2rda media _aComputer |
||
| 338 |
_2rda carrier _aOnline Resource |
||
| 504 | _aيشتمل على إرجاعات ببليوجرافية. | ||
| 504 | _aببليوجرافيا:صفحات 289-292 | ||
| 546 | _aالنص باللغة العربية | ||
| 650 | 1 | 4 | _aالقانون الادارى |
| 700 |
_aبكر القبانى _eمؤلف مشارك. |
||
| 700 |
_a أحمد كمال الدين _eمؤلف مشارك. |
||
| 856 | 4 | 0 | _uhttps://fll.law.cu.edu.eg/fulltext/bks/B07-00823.pdf |
| 905 |
_a47 _eHassnaa |
||
| 942 |
_2ddc _cBK _e21 _n0 |
||
| 999 |
_c41708 _d41708 |
||